header

U.S.-European-Japanese workshop on space cooperation (Record no. 32258)

MARC details
000 -LEADER
fixed length control field 01917nam a2200325Ia 4500
245 00 - TITLE STATEMENT
Title U.S.-European-Japanese workshop on space cooperation
260 ## - PUBLICATION, DISTRIBUTION, ETC. (IMPRINT)
Place of publication Washington, D.C. :
Name of publisher National Academy Press,
Year of publication c1999.
300 ## - PHYSICAL DESCRIPTION
Number of Pages xii, 65 p.
500 ## - GENERAL NOTE
General note "Support for this project was provided by Contract NASW 96013 between the National Academy of Sciences and the National Aeronautics and Space Administration."--P. ii.
650 #0 - SUBJECT ADDED ENTRY--TOPICAL TERM
Topical Term Space sciences
Topical Term Astronautics
856 40 - ELECTRONIC LOCATION AND ACCESS
Uniform Resource Identifier http://site.ebrary.com/lib/rucke/Doc?id=10071470

No items available.

© 2026 Rongo University
Contact us: librarian | system librarian | Rongo university